|
|
|
|
| LEADER |
04877nam a2200949 ia4500 |
| 001 |
nkc20243636324 |
| 003 |
CZ PrNK |
| 005 |
20260522094326.0 |
| 007 |
ta |
| 008 |
240903m20249999xr a g 6 000 1 cze |
| 015 |
|
|
|a cnb003636324
|
| 020 |
|
|
|a 978-80-7679-553-2
|q (svazek první ;
|q základní edice ;
|q vázáno)
|
| 020 |
|
|
|a 978-80-7679-663-8
|q (svazek první ;
|q limitovaná edice ;
|q vázáno)
|
| 020 |
|
|
|a 978-80-7679-893-9
|q (svazek druhý ;
|q základní edice ;
|q vázáno)
|
| 020 |
|
|
|a 978-80-7679-894-6
|q (svazek druhý ;
|q limitovaná edice ;
|q vázáno)
|
| 035 |
|
|
|a (OCoLC)1535680260
|
| 040 |
|
|
|a ABG001
|b cze
|d BOA001
|e rda
|
| 041 |
1 |
|
|a cze
|h eng
|
| 072 |
|
7 |
|a 741.52
|x Komiksy. Komiksové adaptace
|2 Konspekt
|9 21
|
| 080 |
|
|
|a 741.52(0:82-322.9)
|2 MRF
|
| 100 |
1 |
|
|a Gaiman, Neil,
|d 1960-
|7 jn20000807024
|4 aut
|
| 240 |
1 |
0 |
|a Sandman omnibus.
|l Česky
|
| 245 |
1 |
0 |
|a Sandman omnibus /
|c napsal Neil Gaiman ; ilustrovali Sam Kieth, Mike Dringenberg, Malcolm Jones III, Chris Bachalo, Michael Zulli, Kelley Jones, Charles Vess, Colleen Doranová, Steve Parkhouse, Skawn McManus, Bryan Talbot, Matt Wagner, Mark Buckingham, Dick Giordano, George Pratt, P. Craig Russell, Stan Woch ; překlad z angličtiny Viktor Janiš
|
| 250 |
|
|
|a První vydání
|
| 264 |
|
1 |
|a Praha :
|b Crew,
|c 2024-
|
| 300 |
|
|
|a ^^^svazků :
|b barevné ilustrace ;
|c 29 cm
|
| 336 |
|
|
|a text
|b txt
|2 rdacontent
|
| 336 |
|
|
|a statický obraz
|b sti
|2 rdacontent
|
| 337 |
|
|
|a bez média
|b n
|2 rdamedia
|
| 338 |
|
|
|a svazek
|b nc
|2 rdacarrier
|
| 505 |
1 |
|
|a Svazek první. 2024. přibližně 1040 stran -- Svazek druhý / ilustrovali Kent Williams, Duncan Eagleson, Vince Locke, John Bolton, John Watkiss, Michael Zulli, Jill Thompsonová, Kevin Nowlan, P. Craig Russell, Bryan Talbot, Mark Buckingham, Dick Giordano, Michael Allred, Shea Anton Pensa, Alec Stevens, Gary Amaro, Tony Harris, Steve Leialoha, Marc Hempel, D´Israeli, Richard Case, Charles Vess, Teddy Kristiansen, Jon J. Muth, Dean Ormston, Glyn Dillon, Dave McKean. 2025. 1033 stran, 7 nečíslovaných stran
|
| 520 |
2 |
|
|a Souborné vydání slavné komiksové fantasy série o pánovi snů zvaném Sandman, Sen či Morfeus.
|
| 546 |
|
|
|a Český text
|
| 655 |
|
7 |
|a fantasy komiksy
|7 fd1057473
|2 czenas
|
| 655 |
|
9 |
|a fantasy comics
|2 eczenas
|
| 700 |
1 |
|
|a Kieth, Sam,
|d 1963-
|7 xx0031086
|4 ill
|
| 700 |
1 |
|
|a Dringenberg, Mike
|7 xx0031088
|4 ill
|
| 700 |
1 |
|
|a Jones, Malcolm,
|c III,
|d 1970-1996
|7 xx0031087
|4 ill
|
| 700 |
1 |
|
|a Bachalo, Chris,
|d 1965-
|7 mzk2007401210
|4 ill
|
| 700 |
1 |
|
|a Zulli, Michael,
|d 1952-2024
|7 xx0009226
|4 ill
|
| 700 |
1 |
|
|a Jones, Kelley
|7 xx0031090
|4 ill
|
| 700 |
1 |
|
|a Vess, Charles,
|d 1951-
|7 xx0031089
|4 ill
|
| 700 |
1 |
|
|a Doran, Colleen,
|d 1963-
|7 xx0031091
|4 ill
|
| 700 |
1 |
|
|a Parkhouse, Steve,
|d 1948-
|7 xx0074784
|4 ill
|
| 700 |
1 |
|
|a McManus, Shawn,
|d 1958-
|7 xx0045914
|4 ill
|
| 700 |
1 |
|
|a Talbot, Bryan,
|d 1952-
|7 js20051226009
|4 ill
|
| 700 |
1 |
|
|a Wagner, Matt,
|d 1961-
|7 kv2013758027
|4 ill
|
| 700 |
1 |
|
|a Buckingham, Mark,
|d 1966-
|7 mzk2007401209
|4 ill
|
| 700 |
1 |
|
|a Giordano, Dick,
|d 1932-2010
|7 xx0095046
|4 ill
|
| 700 |
1 |
|
|a Pratt, George,
|d 1960-
|7 xx0239225
|4 ill
|
| 700 |
1 |
|
|a Russell, P. Craig,
|d 1952-
|7 mzk2009517766
|4 ill
|
| 700 |
1 |
|
|a Woch, Stan,
|d 1959-
|7 ola20211115930
|4 ill
|
| 700 |
1 |
|
|a Janiš, Viktor,
|d 1974-
|7 jn20010309502
|4 trl
|
| 700 |
1 |
|
|a Williams, Kent,
|d 1962-
|7 xx0130704
|4 ill
|
| 700 |
1 |
|
|a Eagleson, G. Duncan
|7 ola20211115939
|4 ill
|
| 700 |
1 |
|
|a Locke, Vince,
|d 1966-
|7 xx0045921
|4 ill
|
| 700 |
1 |
|
|a Bolton, John,
|d 1951-
|7 mzk2004238643
|4 ill
|
| 700 |
1 |
|
|a Watkiss, John,
|d 1961-2017
|7 xx0211868
|4 ill
|
| 700 |
1 |
|
|a Thompson, Jill,
|d 1966-
|7 xx0045919
|4 ill
|
| 700 |
1 |
|
|a Nowlan, Kevin,
|d 1958-
|7 xx0203890
|4 ill
|
| 700 |
1 |
|
|a Allred, Mike
|q (Mike Dalton)
|7 xx0089521
|4 ill
|
| 700 |
1 |
|
|a Pensa, Shea Anton,
|d 1968-
|7 ola20211115925
|4 ill
|
| 700 |
1 |
|
|a Stevens, Alec,
|d 1965-
|7 ola20211115921
|4 ill
|
| 700 |
1 |
|
|a Amaro, Gary
|7 xx0240839
|4 ill
|
| 700 |
1 |
|
|a Harris, Tony,
|d 1969-
|7 xx0195845
|4 ill
|
| 700 |
1 |
|
|a Leialoha, Steve,
|d 1952-
|7 xx0080561
|4 ill
|
| 700 |
1 |
|
|a Kristiansen, Teddy,
|d 1964-
|7 pna2008467178
|4 ill
|
| 700 |
0 |
|
|a D'Israeli
|7 xx0203903
|4 ill
|
| 700 |
1 |
|
|a Hempel, Marc
|7 xx0045923
|4 ill
|
| 700 |
1 |
|
|a Case, Richard,
|d 1964-
|7 ola20211115960
|4 ill
|
| 700 |
1 |
|
|a Muth, Jon J.,
|d 1960-
|7 xx0045924
|4 ill
|
| 700 |
1 |
|
|a Ormston, Dean
|7 xx0098287
|4 ill
|
| 700 |
1 |
|
|a Dillon, Glyn,
|d 1971-
|7 ola20211115968
|4 ill
|
| 700 |
1 |
|
|a McKean, Dave,
|d 1963-
|7 ola2004235504
|4 ill
|
| 710 |
2 |
|
|a Nakladatelství Crew
|7 xx0243763
|4 pbl
|
| 910 |
2 |
|
|a BOA001
|b 4-1547.678
|s 1-2
|
| 920 |
|
|
|a 5017613
|z ABG001
|
| 990 |
|
|
|a BK
|
| 995 |
|
|
|a 01
|
| 991 |
|
|
|b 202604
|c NOV
|
| 996 |
6 |
|
|b 2611010832
|c 4-1547.678
|d Svazek I
|v 1
|l MZK
|r Sklad / do 1 hodiny
|n 0
|p p.v.
|w 002015576
|u 000010
|a 1
|e BOA001
|j MZK50
|s P
|
| 996 |
6 |
|
|b 2611030788
|c 4-1547.678
|d Svazek II
|v 2
|l MZK
|r Sklad / do 1 hodiny
|n 0
|p p.v.
|w 002015576
|u 000020
|a 1
|e BOA001
|j MZK50
|s P
|